000 00399nam a22001697a 4500
003 SGT
020 _a9789356961937
082 _a618.92
_bI24P
100 _aPARTHASARATHY,A.
245 _aIAP COLOR ATLAS OF PEDIATRICS
250 _a3RD
260 _aNEW DELHI
_bJAYPEE BRO. MED.PUB
_c2024
300 _a548
650 _aPEDIATRIC
653 _aIAP, COLOR, ATLAS , PEDIATRICS
942 _2ddc
_cBK
999 _c34728
_d34728